000 00354 a2200157 4500
001 75404
020 _a9780582427648
040 _cAnchieta - Colégio São Paulo
100 _aO´Reilly, Elaine
240 1 0 _aAnother world
_lpor
245 1 0 _aAnother world
300 _a20
362 0 _a2000
650 4 _aLiteratura juvenil em inglês
942 _cBK
999 _c75404
_d75404